000 00353 a2200145 4500
001 169983
020 _a
040 _cMagnum
100 _aJo Bush, Wilma
240 1 0 _aComo desarrollar las aptitudes psico-linguisticas
_lESP
245 1 0 _aComo desarrollar las aptitudes psico-linguisticas
362 0 _a1899
697 _aSEM ASSUNTO
942 _cBK
999 _c169983
_d169983